[Event "Championnat de France des Jeunes - Pupil"]
[Site "AIX LES BAINS"]
[Date "2009.04.21"]
[Round "3.15"]
[White "Quossi, Anais"]
[Black "Sourice, Nolwenn"]
[Result "1-0"]
[WhiteElo "1350"]
[BlackElo "1600"]
[PlyCount "95"]

1. e4 e5 2. f4 f6 3. fxe5 fxe5 4. Qh5+ g6 5. Qxe5+ Qe7 6. Qxh8 Nf6 7. d3 Qe5 8.
Bh6 Qc5 9. Qxf8+ Qxf8 10. Bxf8 Kxf8 11. Nc3 Nc6 12. Nf3 d6 13. Be2 Bd7 14. O-O
Ke7 15. d4 Re8 16. e5 dxe5 17. Nxe5 Nxe5 18. dxe5 Ng8 19. Bc4 Nh6 20. Rae1 Bf5
21. Bd3 Be6 22. b3 a6 23. Bc4 Bf5 24. Re2 b5 25. Bd5 Rc8 26. Bb7 Rb8 27. Bxa6
c6 28. a4 Bd7 29. axb5 cxb5 30. Ra1 Ra8 31. Nd5+ Kd8 32. Nb6 Ra7 33. Rd2 Ke8
34. Rxd7 Rxd7 35. Bxb5 Ke7 36. Bxd7 Nf7 37. e6 Ne5 38. Re1 Ng4 39. Nd5+ Kd8 40.
e7+ Kxd7 41. e8=Q+ Kd6 42. Qe6+ Kc5 43. Qxg4 Kxd5 44. c3 Kc5 45. Rd1 Kb6 46.
Qc4 Ka5 47. Qb4+ Ka6 48. Ra1# 1-0

[Event "Championnat de France des Jeunes - Open "]
[Site "AIX LES BAINS"]
[Date "????.??.??"]
[Round "3.1"]
[White "Junca, Guillaume"]
[Black "Durand, Victor"]
[Result "1/2-1/2"]
[WhiteElo "1668"]
[BlackElo "1856"]
[PlyCount "49"]

1. c4 Nf6 2. Nc3 e6 3. g3 d5 4. cxd5 exd5 5. e3 c6 6. Nge2 Bd6 7. Bg2 O-O 8.
O-O Re8 9. d3 Bf5 10. f3 Bc5 11. d4 Bd6 12. g4 Bg6 13. Qe1 Qc7 14. Ng3 Bd3 15.
Nce2 Bxe2 16. Qxe2 Bxg3 17. hxg3 Qxg3 18. Qf2 Qxf2+ 19. Rxf2 h6 20. Bd2 Nbd7
21. a3 Nb6 22. b3 Rac8 23. Bh3 Rc7 24. Rc1 Nbd7 25. a4 1/2-1/2

[Event "Championnat de France des Jeunes - Open "]
[Site "AIX LES BAINS"]
[Date "????.??.??"]
[Round "3.2"]
[White "Lagunes, Robin"]
[Black "Triboulin, Boyann"]
[Result "0-1"]
[WhiteElo "1856"]
[BlackElo "1675"]
[PlyCount "74"]

1. e4 e5 2. Nf3 Nc6 3. Bc4 Be7 4. d3 Nf6 5. O-O O-O 6. Nbd2 d6 7. Re1 Bg4 8. c3
d5 9. exd5 Nxd5 10. Qc2 Bf6 11. b4 Re8 12. Bb2 Bf5 13. Qb3 Be6 14. Ne4 Nf4 15.
Rad1 Qe7 16. d4 Bxc4 17. Qxc4 Rad8 18. Nxf6+ Qxf6 19. Nxe5 Nxe5 20. dxe5 Rxd1
21. Rxd1 Qxe5 22. h3 Qg5 23. g3 Qh5 24. g4 Nxh3+ 25. Kg2 Qh6 26. Bc1 Ng5 27.
Rh1 Qf6 28. Qd3 h6 29. Rf1 Qe6 30. Qd4 Qe4+ 31. Qxe4 Rxe4 32. f4 Re2+ 33. Kh1
Ne4 34. Kg1 Nxc3 35. Rf2 Re1+ 36. Rf1 Ne2+ 37. Kf2 Rxf1+ 0-1

[Event "Championnat de France des Jeunes - Open "]
[Site "AIX LES BAINS"]
[Date "????.??.??"]
[Round "3.3"]
[White "Drone, Alexandre"]
[Black "Allard, Julien"]
[Result "1-0"]
[WhiteElo "1640"]
[BlackElo "1850"]
[PlyCount "59"]

1. e4 c6 2. d4 d5 3. exd5 cxd5 4. Nc3 Nf6 5. Bf4 Nc6 6. Nf3 Bg4 7. Be2 g6 8. h3
Bxf3 9. Bxf3 Bg7 10. O-O O-O 11. Qd2 e6 12. Rfe1 Re8 13. Be2 a6 14. Bg5 Qb6 15.
Rad1 Nd7 16. Be3 Rac8 17. Rb1 Ne7 18. Rec1 Nb8 19. Na4 Qa7 20. c4 dxc4 21. Bxc4
b5 22. d5 Qb7 23. Nc5 Qa8 24. Bb3 exd5 25. Rd1 d4 26. Bxd4 Rcd8 27. Qf4 Bxd4
28. Rxd4 Rxd4 29. Qxf7+ Kh8 30. Qf6# 1-0

[Event "Championnat de France des Jeunes - Open "]
[Site "AIX LES BAINS"]
[Date "????.??.??"]
[Round "3.4"]
[White "Muller, Matthieu"]
[Black "Moisset, Hugo"]
[Result "1-0"]
[WhiteElo "1808"]
[BlackElo "1642"]
[PlyCount "41"]

1. e4 e6 2. d4 d5 3. Nd2 dxe4 4. Nxe4 Nf6 5. Ng3 Nc6 6. Nf3 Be7 7. Bb5 Bd7 8.
O-O O-O 9. c3 a6 10. Ba4 Bd6 11. Qd3 Re8 12. Bg5 h6 13. Bh4 g5 14. Nxg5 hxg5
15. Bxg5 Bxg3 16. fxg3 Kg7 17. Bxf6+ Qxf6 18. Rxf6 Kxf6 19. Rf1+ Ke7 20. Qh7
Rf8 21. g4 1-0

[Event "Championnat de France des Jeunes - Open "]
[Site "AIX LES BAINS"]
[Date "????.??.??"]
[Round "3.5"]
[White "Caille, Vincent"]
[Black "Garnier, Teddy"]
[Result "1/2-1/2"]
[WhiteElo "1639"]
[BlackElo "1785"]
[PlyCount "55"]

1. e4 Nf6 2. Nc3 d5 3. e5 Nfd7 4. d4 c5 5. dxc5 e6 6. Nf3 Bxc5 7. Bf4 Nc6 8.
Bb5 Qc7 9. O-O a6 10. Ba4 O-O 11. Re1 b5 12. Bb3 Bb7 13. a3 Na5 14. Ba2 Ba7 15.
Bg5 Rfe8 16. Qd3 Rac8 17. Be3 Nc5 18. Qe2 Nc4 19. Bxc4 dxc4 20. Rad1 Red8 21.
Bf4 Na4 22. Nxa4 bxa4 23. Bg5 Rxd1 24. Rxd1 Bxf3 25. Qxf3 Qxe5 26. Qb7 Re8 27.
Qd7 Qb8 28. Qxa4 1/2-1/2

[Event "Championnat de France des Jeunes - Open "]
[Site "AIX LES BAINS"]
[Date "????.??.??"]
[Round "3.6"]
[White "Brandt, Anatole"]
[Black "Kern, Nicolas"]
[Result "1-0"]
[WhiteElo "1773"]
[BlackElo "1640"]
[PlyCount "95"]

1. e4 c5 2. Nf3 Nc6 3. Nc3 Nf6 4. e5 Ng4 5. Qe2 Qc7 6. Nd5 Qb8 7. d4 cxd4 8.
Bf4 e6 9. g3 exd5 10. e6 Bd6 11. exf7+ Kd8 12. Bg5+ Nf6 13. O-O-O Be7 14. Re1
Rf8 15. Bf4 Bd6 16. Bxd6 Qxd6 17. Ng5 Ne5 18. Qxe5 Qxe5 19. Rxe5 d6 20. Re2 h6
21. Ne6+ Bxe6 22. Rxe6 Kd7 23. Bh3 Kc6 24. Re7 g5 25. Rhe1 g4 26. R1e6 gxh3 27.
Rxf6 Rad8 28. Rxh6 Rd7 29. Rxd7 Kxd7 30. Rh7 Ke7 31. Kd2 Rxf7 32. Rxf7+ Kxf7
33. Kd3 Ke6 34. Kxd4 Kf5 35. f3 Ke6 36. g4 Kf6 37. f4 Ke6 38. f5+ Kf6 39. Kxd5
Kg5 40. Kxd6 Kf4 41. f6 Kf3 42. f7 Kg2 43. f8=Q Kxh2 44. g5 Kg2 45. g6 h2 46.
g7 h1=Q 47. g8=Q+ Kh3 48. Qh6# 1-0

[Event "Championnat de France des Jeunes - Open "]
[Site "AIX LES BAINS"]
[Date "????.??.??"]
[Round "3.7"]
[White "Hug, Timothee"]
[Black "Pluvinage, Thomas"]
[Result "1/2-1/2"]
[WhiteElo "1621"]
[BlackElo "1770"]
[PlyCount "67"]

1. e4 c5 2. Nf3 d6 3. d4 cxd4 4. Nxd4 Nf6 5. Nc3 a6 6. Be3 e6 7. Bd3 b5 8. Qf3
Bb7 9. Bg5 Be7 10. Qe2 Qc7 11. a3 Nbd7 12. Rd1 Nc5 13. f4 h6 14. Bxf6 Bxf6 15.
Qf2 Nxd3+ 16. Rxd3 Qc5 17. O-O e5 18. fxe5 dxe5 19. Nf5 Qxf2+ 20. Rxf2 O-O 21.
Nxh6+ gxh6 22. Rxf6 Kg7 23. Rf5 f6 24. Rd6 Rac8 25. Rb6 Rf7 26. Kf2 Rc6 27.
Rxc6 Bxc6 28. Ke3 Rd7 29. Rf2 Kg6 30. g4 Rd4 31. h4 a5 32. g5 fxg5 33. hxg5
hxg5 34. Rf5 1/2-1/2

[Event "Championnat de France des Jeunes - Open "]
[Site "AIX LES BAINS"]
[Date "????.??.??"]
[Round "3.8"]
[White "Alliot, Kevin"]
[Black "Merenciano, Alexandre"]
[Result "1-0"]
[WhiteElo "1758"]
[BlackElo "1630"]
[PlyCount "79"]

1. d4 d5 2. c4 c6 3. Nc3 Nf6 4. Nf3 Bf5 5. Qb3 Qb6 6. Qxb6 axb6 7. cxd5 Nxd5 8.
Nxd5 cxd5 9. e3 Nc6 10. Bb5 Ra5 11. a4 Bd7 12. Bd2 Ra8 13. O-O Na5 14. Ne5 Bxb5
15. axb5 f6 16. Nd3 e6 17. b4 Bxb4 18. Bxb4 Kd7 19. Bxa5 bxa5 20. Nc5+ Ke7 21.
Nxb7 Rhb8 22. Nxa5 Kf7 23. Rfb1 Kg6 24. b6 Ra6 25. b7 Ra7 26. Rc1 h6 27. g3 h5
28. Kg2 Kh6 29. Rab1 Rxa5 30. Rc8 Rxb7 31. Rxb7 Kg6 32. Rcc7 Kf5 33. Rxg7 e5
34. dxe5 fxe5 35. Rgf7+ Ke4 36. Rb4+ Kd3 37. Rf5 Kc3 38. Rb8 e4 39. Rxh5 Ra2
40. Rxd5 1-0

[Event "Championnat de France des Jeunes - Open "]
[Site "AIX LES BAINS"]
[Date "????.??.??"]
[Round "3.9"]
[White "De Rougemont, Jean"]
[Black "Richard, Francois"]
[Result "1/2-1/2"]
[WhiteElo "1610"]
[BlackElo "1740"]
[PlyCount "78"]

1. e4 d5 2. Nc3 dxe4 3. Nxe4 Qd5 4. Qf3 Qe6 5. b3 f5 6. Bc4 Qxe4+ 7. Qxe4 fxe4
8. Ne2 Nc6 9. Ng3 Nf6 10. Bb2 e5 11. O-O-O Ng4 12. Nxe4 Bf5 13. Ng3 Bg6 14.
Rhe1 Nxf2 15. Bxe5 Be7 16. Bxg7 O-O-O 17. Rxe7 Nxd1 18. Bxh8 Nxe7 19. Bf6 Re8
20. Kxd1 Nc6 21. a3 Rf8 22. Bg5 Nd4 23. c3 Nc2 24. Be2 Re8 25. a4 a6 26. h4 h5
27. d3 Ne3+ 28. Kd2 Nd5 29. Nxh5 Rxe2+ 30. Kxe2 Bxh5+ 31. Kd2 Kd7 32. c4 Nb4
33. Ke3 c5 34. Bf6 Ke6 35. Bc3 Nc6 36. Kf4 Be2 37. g4 Kf7 38. h5 Bxd3 39. g5
Nd4 1/2-1/2

[Event "Championnat de France des Jeunes - Open "]
[Site "AIX LES BAINS"]
[Date "????.??.??"]
[Round "3.10"]
[White "Hector, Pierre"]
[Black "Rozand, Axel"]
[Result "1-0"]
[WhiteElo "1739"]
[BlackElo "1610"]
[PlyCount "67"]

1. d4 Nf6 2. c4 e6 3. Nf3 Bb4+ 4. Bd2 Qe7 5. g3 b6 6. Bg2 Nc6 7. O-O Bb7 8. a3
Bxd2 9. Nbxd2 Na5 10. b4 Nc6 11. e4 e5 12. d5 Nd4 13. Nxd4 exd4 14. e5 Ng8 15.
d6 Bxg2 16. dxe7 Bxf1 17. Nxf1 Nxe7 18. Qxd4 O-O 19. Qxd7 Ng6 20. e6 fxe6 21.
Qxe6+ Rf7 22. Rd1 Raf8 23. Rd7 c5 24. Rxa7 cxb4 25. axb4 Nh8 26. Ne3 h6 27.
Rxf7 Rxf7 28. Qxb6 Kh7 29. c5 Rf6 30. Qxf6 gxf6 31. c6 Nf7 32. c7 Nd6 33. Nc4
Nc8 34. b5 1-0